000
00214nam a22000857a 4500
999
_c
11028
_d
11028
008
180727b ||||| |||| 00| 0 eng d
100
_a
Dickens
_9
6813
245
_a
A Christmas Carol
260
_a
New Delhi
_b
Campfire
_c
2016